Managing Innovative manufacturing (Record no. 484148)

MARC details
000 -LEADER
fixed length control field 00539nam a2200193Ia 4500
008 - FIXED-LENGTH DATA ELEMENTS--GENERAL INFORMATION
fixed length control field 210417s9999 xx 000 0 und d
020 ## - INTERNATIONAL STANDARD BOOK NUMBER
International Standard Book Number 9781682512319
-- 1682512312
082 ## - DEWEY DECIMAL CLASSIFICATION NUMBER
Classification number 658.514 POT
Item number 22.658.514 POT
245 #0 - TITLE STATEMENT
Title Managing Innovative manufacturing
Statement of responsibility, etc. Managing Innovative manufacturing
250 ## - EDITION STATEMENT
Remainder of edition statement "xiii, 229 p.; col. ill. ; 18 x 10 cm. , hbk."
260 ## - PUBLICATION, DISTRIBUTION, ETC.
Place of publication, distribution, etc. New York
Name of publisher, distributor, etc. Intelliz Press
Date of publication, distribution, etc. 2017
700 ## - ADDED ENTRY--PERSONAL NAME
Personal name "Potter, Beatrix"
Numeration Editor: Beatrix Potter
Holdings
Withdrawn status Lost status Source of classification or shelving scheme Damaged status Not for loan Home library Current library Shelving location Date acquired Total Checkouts Full call number Barcode Date last seen Price effective from Koha item type
    Dewey Decimal Classification     Anna Centenary Library Anna Centenary Library 6TH FLOOR, B WING 17.04.2021   658.514 POT 603869 17.04.2021 17.04.2021 Books

Find us on the map